Statistics for World Currencies Used in the Most Countries

Click here to take the quiz!

General Stats

  • This quiz has been taken 2,058 times
  • The average score is 9 of 20

Answer Stats

#CountriesCurrency% Correct
29United States, Canada, Australia, 26 othersDollar
99%
25France, Germany, Italy, 22 othersEuro
97%
6UK, Egypt, Lebanon, 3 othersPound
83%
8Mexico, Argentina, Chile, 5 othersPeso
77%
21Switzerland, Niger, Mali, 18 othersFranc
66%
6India, Pakistan, Nepal, 3 othersRupee
63%
2Belarus, RussiaRuble
59%
8Algeria, Iraq, Serbia, 5 othersDinar
50%
2Denmark, NorwayKrone
47%
2Sweden, IcelandKrona
38%
2South Korea, North KoreaWon
36%
4Kenya, Somalia, Uganda, TanzaniaShilling
29%
3Iran, Oman, YemenRial
27%
2Morocco, United Arab EmiratesDirham
25%
2Qatar, Saudi ArabiaRiyal
22%
2Moldova, RomaniaLeu
15%
2Costa Rica, El SalvadorColón
12%
2Kyrgyzstan, UzbekistanSom
12%
2Azerbaijan, TurkmenistanManat
11%
2Malawi, ZambiaKwacha
10%

Score Distribution

Percentile by Number Answered

Percent of People with Each Score

Your Score History

You have not taken this quiz